Quizzes
Events
Quiz Creation
Community
Videos
Private Events
Remove Ads
Sign In
Join for FREE
Feedback
Dark Mode
Quiz Categories
Sports
Geography
Music
Movies
Television
Just For Fun
Miscellaneous
History
Literature
Language
Science
Gaming
Entertainment
Religion
Holiday
For Kids
Quiz Lab
Recent
Popular Today
Quiz Kudos Today
Editor Picks
Curator Picks
Quizzes by...
Day
Popularity
Type
Ratings
Length
Year
Community
Subscriptions
Recent Discussions
Orange Saloon
Badges
Playlists
Quests
Create
Leaderboards
Showdown
Live 5
Trivia Bingo
Activity
Puzzle Library
Sporcle Events
Private Events
Virtual Trivia
Globe League
Become a Host
Pub Owners
SporcleCon
Opinionation
Our Games
Videos
Blog
Mobile Apps
Partnerships
Remove Ads and Go Orange
Feedback
Sports
Athletes
MLB
NBA
NHL
NFL
Soccer
Sports Teams
WWE
NCAA
Football
Premier League
Basketball
Baseball
Hockey
Golf
Tennis
Cricket
Rugby
Auto Racing
Olympics
World Cup
Sports
Athletes
MLB
NBA
NHL
NFL
Soccer
Sports Teams
WWE
NCAA
Football
Premier League
Basketball
Baseball
Hockey
Golf
Tennis
Cricket
Rugby
Auto Racing
Olympics
World Cup
Random Quiz
Search Sporcle
×
Quiz Lab
Quiz Lab
Sports
State
Type in answers that appear in a list
Type in answers that appear in a list
Classic
Best Score? Go Orange.
Worst QB Rating, Single Season 1990-2009 Stats
Can you name the QBs with the worst rating in a single season 1990-2009?
By
whiteparrot
8m
26 Questions
2,760 Plays
2,760 Plays
2,760 Plays
Comments
Comments
Give Quiz Kudos
Give Quiz Kudos
-
- Ratings
hide this ad
More Info
Replay
Link that replays current quiz
Next Quiz
Link to next quiz in quiz playlist
You Got
0%
They Got
Avg Score
32%
Avg Friend Score
Upgrade to see
Score Distribution
Jump to the score distribution portion of the page
Score
0/26
Timer
08:00
0
Plays Today
Year & Team
QB
% Correct
1998 Chargers
Ryan Leaf
86.5%
2000 Chargers
Ryan Leaf
86.5%
2005 Bears
Kyle Orton
71.2%
2000 Bengals
Akili Smith
62.2%
2002 Lions
Joey Harrington
51.8%
1991 Buccaneers
Vinny Testaverde
43.3%
1997 Panthers
Kerry Collins
39.2%
1999 Cardinals
Jake Plummer
38.6%
1992 Bengals
Boomer Esiason
31.7%
1996 Seahawks
Rick Mirer
31.6%
1993 Redskins
Mark Rypien
30.3%
2006 Raiders
Andrew Walter
23.8%
1994 Redskins
Heath Shuler
23.2%
Year & Team
QB
% Correct
1991 Packers
Don Majkowski
22.4%
1993 Rams
Jim Everett
21.8%
2009 Raiders
JaMarcus Russell
21.1%
2009 Panthers
Jake Delhomme
19%
2003 Bears
Kordell Stewart
17.9%
2009 Bucs
Josh Freeman
16.6%
1999 Saints
Billy Joe Tolliver
10.9%
1998 Eagles
Bobby Hoying
10.2%
1992 Jets
Browning Nagle
7.2%
1998 Chargers
Craig Whelihan
5.1%
1997 Chargers
Craig Whelihan
5.1%
1992 Seahawks
Stan Gelbaugh
3.1%
1991 Eagles/
Seahawks
Jeff Kemp
1.7%
Quiz Playlist
Details
Report
Send in Message
Add To Playlist
More Info:
Minimum 224 ATT
Classic:
Type in answers that appear in a list
Quiz Source
Last Updated: Feb 16, 2017
Quiz Scoreboard
CHALLENGE
Sign Up to Join the Scoreboard
Show All
Scores
Hide
Comments
May contain spoilers
Recently Published
Street Fighter Characters
by Artimus82
Gaming
60s
9x9 Crossword: Cartoon Network
by jackfrog10
Miscellaneous
3m
College Basketball Coaching Resumes
by pancakes188
Sports
9m
More to Explore
Quiz From the Vault
Featured Blog Post
Where Did the Easter Bunny Come From?
hide this ad
You Might Also Like...
Tags
State Quiz
1990s
Quarterbacks
Rating
season
Single
team
Worst
Today's Top Quizzes in Sports
Browse Sports
hide this ad
Today's Top Quizzes in State
Browse State
Top Contributed Quizzes in Sports
1
2022 World Cup Stars
2
Les meilleurs buteurs des matchs entre le PSG et l’OM
3
FIFA Club World Cup Champions
4
Les entraîneurs de l'OM et du PSG au 21e siècle
5
Criteria MLB: Left Handed Sluggers
6
2023 MLB Unique Player Accomplishments
7
AFC Teams Reveal (Wrong Answers Minefield)
8
Players with Multiple 50 Home Run Seasons
9
5-to-1: FBS Animal Nicknames
10
5-to-1: UK Sports Teams
Explore More
Trending Topics
Crossword
Harry Potter
Disney
Anime
NBA
Kpop
Marvel
Puzzle
NFL
Country
WWE
Song
The Office
Soccer
Pokémon
hide this ad
More By:
whiteparrot
Quiz
Plays
Rating
Category
Featured
Created
NFL Most Sacked QBs
62,706
4.32
Sports
Sep 30, 2009
Most 10 + Reception Games, Career
6,817
4.27
Sports
Dec 2, 2009
Decade-by-Decade NFL Leaders
4,525
4.32
Sports
Dec 20, 2009
The NFL Random QB Trivia Game
3,470
4.03
Sports
Nov 29, 2009
Oldest QBs to Start an NFL Game
3,370
4.38
Sports
Dec 8, 2009
Go to Creator's Profile
Score Distribution
Quiz Creator Spotlight
whiteparrot
Follow
Send a Message
Quizzes Created
-
Created Quiz Play Count
-
More By This Creator
Popular Quizzes Today
1
Find the US States - No Outlines Minefield
2
Find the Countries of Europe - No Outlines Minefield
3
The Countries of the World
4
Find the US States
5
Risky Map Clicking: Biggest States A-Z
6
US States
7
Popular People in 1961
8
Movies - When Are They Set?
More Sports Quizzes
Top XIs: Norwich City (1990s)
Quiz Lab
Trending Quizzes
Risky Map Clicking: Least Populous States A-Z
1-10 Letter G Words
Risky Map Clicking: Next State Alphabetically
Adjectives in 80s TV Shows
The Seven Year Switch: Catherine
Recently Updated
Leaping Animals
pecheneg
Reality TV Shows (A-Z)
bhenderson79
Rickey Henderson's Hall of Fame Teammates
pecheneg
Champions League XIs: Arsenal
pecheneg
Quick Pick: Celebrities in WWE's Hall of Fame
aduchscher
A-Z Keypad Blitz II
pecheneg
Multiple Oscar Actors
pecheneg
Mystery Phrase Blitz: Oscar 'Best Actors'
pecheneg
F. Scott Fitzgerald Novels
LTH
Pick 3 Villains
ddd62291
Trending Topics
Crossword
Disney
NBA
Marvel
Kpop
Harry Potter
Anime
Soccer
Puzzle
NFL
The Office
Song
Country
Pokémon
WWE
Your Account Isn't Verified!
In order to create a playlist on Sporcle, you need to verify the email address you used during registration. Go to your
Sporcle Settings
to finish the process.
Report this User
Report this user for behavior that violates our
Community Guidelines
.
Details:
Send Report
Go to the Sporcle.com Mobile Site →
Comments